| 000 | 01073cam a2200229 4500 | ||
|---|---|---|---|
| 001 | ABS64824 | ||
| 008 | 011121n2001 000 0 eng u | ||
| 035 | _a(Sirsi) u115664 | ||
| 100 | _aBoyd, T. | ||
| 245 | _aCurrent challenges in valuation practice in Australia (and elsewhere) | ||
| 260 | _c2001 | ||
| 490 |
_aSouth African Valuer _v(67) September 2001, 6-12(7) |
||
| 520 | _aArgues that client attitude to professional service providers is more demanding now and that the valuer must earn a client's respect by showing competency and providing value-adding services. Examines the challenges of valuer competency; accuracy; assessment of risk and expanded methodology and services. Concludes that the challenges being experienced by Australian valuers are not dissimilar from valuers elsewhere in the world. References. | ||
| 590 | _aABS | ||
| 650 | _aVALUERS | ||
| 650 | _aCOMPETENCY | ||
| 650 | _aAUSTRALIA | ||
| 650 | _aVALUATION PRACTICE | ||
| 650 | _aSERVICE PROVIDERS | ||
| 690 | _aMANAGEMENT-BUSINESS MANAGEMENT-PROFESSIONAL PRACTICE | ||
| 942 | _n0 | ||
| 999 |
_c68887 _d68887 |
||